[Event "Ostravský koník 2017 - MÈR"]
[Site "Ostrava"]
[Date "2017.05.05"]
[Round "7"]
[White "Bures, Martin"]
[Black "Sikora, Jan"]
[Result "0-1"]
[WhiteElo "2084"]
[BlackElo "2204"]
[PlyCount "126"]

1. e3 d5 2. d4 Nf6 3. f4 Bg4 4. Nf3 e6 5. Be2 Ne4 6. Nbd2 Nxd2 7. Bxd2 Nd7 8.
h3 Bxf3 9. Bxf3 Qh4+ 10. Ke2 Bd6 11. Be1 Qf6 12. Bg3 h5 13. Qe1 h4 14. Bh2 Qf5
15. Rc1 Nf6 16. c3 Ke7 17. Qd2 Ne4 18. Qc2 Rac8 19. Rhf1 Qh7 20. Bxe4 Qxe4 21.
Qxe4 dxe4 22. Rh1 Rh5 23. g4 hxg3 24. Bxg3 Rch8 25. h4 g5 26. Rh3 gxf4 27. exf4
Rg8 28. Ke3 f5 29. c4 c6 30. Rd1 Kf6 31. b3 Bc7 32. Bf2 Rg2 33. Rd2 Rg4 34. Bg3
Rxg3+ 35. Rxg3 Bxf4+ 36. Kxf4 Rxh4+ 37. Ke3 f4+ 38. Kxe4 fxg3+ 39. Kf3 Rh2 40.
Rd3 g2 41. Kf2 g1=Q+ 42. Kxg1 Rxa2 43. d5 exd5 44. cxd5 cxd5 45. Rxd5 Rb2 46.
Rd3 Ke5 47. Kf1 Ke4 48. Rh3 Kd4 49. Ke1 Kc5 50. Kd1 Kb4 51. Rh7 b5 52. Rxa7
Kxb3 53. Rh7 Rc2 54. Rh4 Rc4 55. Rh2 b4 56. Rh8 Kb2 57. Rd8 b3 58. Rd3 Ka2 59.
Rd7 b2 60. Ra7+ Kb3 61. Rb7+ Kc3 62. Rb8 Rd4+ 63. Ke2 Rb4 0-1

[Event "Ostravský koník 2017 - MÈR"]
[Site "Ostrava"]
[Date "2017.05.05"]
[Round "7"]
[White "Psenicka, Pavel"]
[Black "Postupa, Pavel"]
[Result "1/2-1/2"]
[WhiteElo "2019"]
[BlackElo "2202"]
[PlyCount "84"]

1. d4 Nf6 2. Nf3 g6 3. c4 Bg7 4. Nc3 d5 5. cxd5 Nxd5 6. e4 Nxc3 7. bxc3 c5 8.
Be3 O-O 9. Rc1 Qa5 10. Qd2 cxd4 11. cxd4 Qxd2+ 12. Nxd2 Nc6 13. Nb3 f5 14. f3
fxe4 15. fxe4 Rd8 16. Rd1 a5 17. Bc4+ Kh8 18. a4 Nb4 19. O-O Bg4 20. Rc1 Rac8
21. h3 Rxc4 22. Rxc4 Be2 23. Rfc1 Bxc4 24. Rxc4 b6 25. d5 Rb8 26. Bxb6 Rxb6 27.
Rc8+ Bf8 28. Rxf8+ Kg7 29. Rf3 e6 30. Nxa5 exd5 31. exd5 Ra6 32. Nc4 Rxa4 33.
d6 Nc6 34. Nb6 Rb4 35. Nc8 Rb8 36. d7 Rb1+ 37. Rf1 Rb2 38. Rc1 Nd8 39. Re1 Rd2
40. Re7+ Nf7 41. Na7 Kf6 42. Nc8 Nd8 1/2-1/2

[Event "Ostravský koník 2017 - MÈR"]
[Site "Ostrava"]
[Date "2017.05.05"]
[Round "7"]
[White "Solc, Filip"]
[Black "Machycek, Lubomir"]
[Result "0-1"]
[WhiteElo "2005"]
[BlackElo "2222"]
[PlyCount "118"]

1. e4 c5 2. Nf3 d6 3. Bb5+ Bd7 4. Bxd7+ Qxd7 5. c4 Nc6 6. d4 cxd4 7. Nxd4 Nf6
8. Nc3 g6 9. f3 Bg7 10. Be3 Rc8 11. b3 O-O 12. Rc1 a6 13. Qd2 b5 14. cxb5 Nxd4
15. Bxd4 axb5 16. O-O Qb7 17. Kh1 h5 18. Ne2 Ra8 19. Rc2 Qa6 20. Rfc1 Rfd8 21.
Be3 Kh7 22. Nd4 Rd7 23. Nc6 Rb7 24. Nb4 Qa5 25. Rc8 Rxc8 26. Rxc8 Rc7 27. Rxc7
Qxc7 28. Qc2 Qa5 29. Nd3 Nd7 30. h3 Ne5 31. b4 Qa3 32. Nxe5 Qxe3 33. Nc6 Qe1+
34. Kh2 Bh6 35. g3 h4 36. Nxe7 Qxg3+ 37. Kh1 Qxh3+ 38. Qh2 Qxf3+ 39. Qg2 Qd1+
40. Kh2 Bf4+ 41. Kh3 Bg3 42. Nd5 Kh6 43. Ne3 Qh5 44. Qf1 Kg7 45. Ng4 Qg5 46.
Qd3 Bf4 47. Qc3+ Be5 48. Qd3 Qf4 49. Nxe5 dxe5 50. a4 bxa4 51. b5 Qg3+ 52. Qxg3
hxg3 53. b6 a3 54. b7 a2 55. b8=Q a1=Q 56. Kxg3 Qd4 57. Qb7 Qe3+ 58. Kg4 Qf4+
59. Kh3 g5 0-1

[Event "Ostravský koník 2017 - MÈR"]
[Site "Ostrava"]
[Date "2017.05.05"]
[Round "7"]
[White "Ockay, Tomas"]
[Black "Kabelka, Ondrej"]
[Result "1-0"]
[WhiteElo "2107"]
[BlackElo "2069"]
[PlyCount "159"]

1. Nf3 g6 2. d4 Nf6 3. c4 Bg7 4. g3 d5 5. Bg2 dxc4 6. Qa4+ Nbd7 7. Qxc4 O-O 8.
Nc3 a6 9. Qd3 Nb6 10. O-O Be6 11. Bg5 Nfd7 12. Rfd1 c6 13. b3 Re8 14. h3 a5 15.
Rab1 Nb8 16. Bf4 Na6 17. Ng5 Bc8 18. a3 Nc7 19. Na4 Nbd5 20. Bd2 Nb5 21. Bxd5
Qxd5 22. Nb6 Qd8 23. Nxa8 h6 24. Nf3 Bxh3 25. a4 Nd6 26. e4 Qxa8 27. Ne5 Be6
28. Nc4 Nxc4 29. bxc4 Rd8 30. d5 Qa6 31. Bc3 Bc8 32. Bxg7 Kxg7 33. Qc3+ Kh7 34.
c5 cxd5 35. Rxd5 Re8 36. Rbd1 Bh3 37. Qd3 Qf6 38. f3 h5 39. Kh2 Be6 40. Rd4 h4
41. Qe3 Qe5 42. Qf4 Qxc5 43. gxh4 Rh8 44. Qg5 Qc7+ 45. Kg2 Kg7 46. Rc1 Qb6 47.
Rcd1 f6 48. Qb5 Qxb5 49. axb5 Rh5 50. Rb1 b6 51. Rd8 Bc4 52. Rb8 Rxb5 53. Rxb5
Bxb5 54. Rxb6 Be8 55. Ra6 a4 56. f4 Kf7 57. Kf3 Bd7 58. Ke3 Bb5 59. Ra5 Bd7 60.
Kd4 Bc6 61. Ra6 Bb5 62. Ra7 Bc6 63. e5 fxe5+ 64. Kxe5 Bb5 65. Rc7 Be8 66. f5
gxf5 67. Kxf5 Kf8 68. Kg5 Bf7 69. Ra7 Be8 70. h5 Kg8 71. Rxe7 Bb5 72. Ra7 Kh8
73. h6 a3 74. h7 a2 75. Kh6 a1=Q 76. Rxa1 Ba6 77. Rb1 Bb5 78. Rb4 Be8 79. Rb7
Bg6 80. Rb8+ 1-0

[Event "Ostravský koník 2017 - FIDE Open A"]
[Site "Ostrava"]
[Date "2017.05.05"]
[Round "7"]
[White "Koziol, Kamil"]
[Black "Muzik, Martin"]
[Result "0-1"]
[WhiteElo "2316"]
[BlackElo "2124"]
[PlyCount "106"]

1. d4 d6 2. c4 e5 3. e3 Nf6 4. Nc3 Nbd7 5. Nf3 Be7 6. Qc2 O-O 7. b3 Re8 8. Bb2
c6 9. O-O-O Qa5 10. Bd3 exd4 11. exd4 Nf8 12. h3 d5 13. c5 b6 14. Na4 bxc5 15.
dxc5 Ba6 16. Nd4 Bxd3 17. Rxd3 Qc7 18. Nf5 Qf4+ 19. Re3 Ne4 20. Nxe7+ Rxe7 21.
Kb1 Rae8 22. Rhe1 Re6 23. Bd4 Qg5 24. g3 h5 25. h4 Qg6 26. Nb2 Nd2+ 27. Kc1
Qxc2+ 28. Kxc2 Nf3 29. Rd1 Nxd4+ 30. Rxd4 Rxe3 31. fxe3 Rxe3 32. Rd3 Re4 33. a3
a5 34. Kc3 Nd7 35. b4 axb4+ 36. axb4 Ne5 37. Rd1 Rg4 38. b5 Rxg3+ 39. Kb4 Kf8
40. Re1 Rg4+ 41. Ka5 Re4 42. Rxe4 dxe4 43. Kb6 cxb5 44. c6 Nxc6 45. Kxc6 Ke7
46. Kd5 f5 47. Ke5 g6 48. Nd1 b4 49. Kd4 Kf6 50. Kc4 Ke5 51. Kxb4 Kd4 52. Kb3
e3 53. Nc3 Ke5 0-1

[Event "Ostravský koník 2017 - MÈR"]
[Site "Ostrava"]
[Date "2017.05.07"]
[Round "8"]
[White "Velicka, Petr"]
[Black "Malinovsky, Karel"]
[Result "1/2-1/2"]
[WhiteElo "2432"]
[BlackElo "2479"]
[PlyCount "77"]

1. d4 Nf6 2. c4 e6 3. g3 d5 4. Nf3 Be7 5. Bg2 O-O 6. O-O dxc4 7. Qa4 a6 8. Qxc4
b5 9. Qc2 Bb7 10. Bd2 Be4 11. Qc1 Bb7 12. Bf4 Bd6 13. Nbd2 Nd5 14. Nb3 Nxf4 15.
gxf4 Nd7 16. Na5 Bd5 17. Nc6 Bxc6 18. Qxc6 Bxf4 19. a4 bxa4 20. e3 Bd6 21. Rxa4
Rb8 22. Qc2 Rb6 23. Rfa1 Qb8 24. R1a2 c5 25. Rxa6 cxd4 26. Ra8 d3 27. Qxd3 Qc7
28. R2a7 Qc1+ 29. Bf1 Qc5 30. Rxf8+ Nxf8 31. Ra6 Rxa6 32. Qxa6 h6 33. Qb5 Qc7
34. b3 g5 35. h3 Ng6 36. Bd3 Ne5 37. Nxe5 Bxe5 38. Qc4 Qxc4 39. Bxc4 1/2-1/2

[Event "Ostravský koník 2017 - MÈR"]
[Site "Ostrava"]
[Date "2017.05.07"]
[Round "8"]
[White "Jansa, Vlastimil"]
[Black "Simacek, Pavel"]
[Result "1/2-1/2"]
[WhiteElo "2446"]
[BlackElo "2480"]
[PlyCount "54"]

1. e4 e5 2. Nf3 Nc6 3. Bb5 a6 4. Ba4 Nf6 5. O-O Nxe4 6. d4 b5 7. Bb3 d5 8. dxe5
Be6 9. Qe2 Be7 10. Rd1 Na5 11. Nbd2 Nc5 12. c3 Ncxb3 13. Nxb3 Nc4 14. Nbd4 O-O
15. a4 bxa4 16. Rxa4 Bd7 17. Ra2 c5 18. e6 cxd4 19. exd7 Qxd7 20. Rxd4 Qb7 21.
Qd1 Bf6 22. Rd3 Rfe8 23. b3 Nd6 24. Be3 Nb5 25. Nd4 Bxd4 26. Bxd4 Nxd4 27. cxd4
Rac8 1/2-1/2

[Event "Ostravský koník 2017 - MÈR"]
[Site "Ostrava"]
[Date "2017.05.07"]
[Round "8"]
[White "Cvek, Robert"]
[Black "Kraus, Tomas"]
[Result "1-0"]
[WhiteElo "2518"]
[BlackElo "2418"]
[PlyCount "117"]

1. c4 c5 2. g3 Nf6 3. Bg2 Nc6 4. Nc3 e6 5. Nf3 d5 6. cxd5 Nxd5 7. O-O Be7 8.
Nxd5 exd5 9. d4 O-O 10. dxc5 Bxc5 11. Bg5 Qd7 12. Ne1 Re8 13. Nd3 Bb6 14. Bd2
Rd8 15. a4 Qe7 16. a5 Bd4 17. Nf4 Be6 18. Qb3 Be5 19. Nxe6 Qxe6 20. Rfd1 Rd7
21. Be1 Rad8 22. Rd3 Qf6 23. Rb1 Bc7 24. Qa4 a6 25. e3 h5 26. Bc3 Be5 27. Rbd1
Bxc3 28. bxc3 Qf5 29. h4 Ne5 30. Rd4 Ng4 31. Rf4 Qe6 32. Bh3 f5 33. Bxg4 fxg4
34. Rfd4 Qc6 35. Qc2 Rf8 36. Qb3 Rdf7 37. Rxd5 Qe6 38. R1d2 g6 39. c4 Kh7 40.
Qd3 Kh6 41. Rb2 Qf6 42. Qd4 Rc7 43. c5 Qxd4 44. exd4 Rf3 45. Rd6 Ra3 46. Rdb6
Re7 47. Kg2 Re1 48. Rb1 Rxb1 49. Rxb1 Ra4 50. Rxb7 Rxd4 51. c6 Rd5 52. c7 Rc5
53. Ra7 Rc1 54. f4 gxf3+ 55. Kxf3 Rc4 56. Ke3 g5 57. Rxa6+ Kg7 58. Ra7 Kg6 59.
Rb7 1-0

[Event "Ostravský koník 2017 - MÈR"]
[Site "Ostrava"]
[Date "2017.05.06"]
[Round "8"]
[White "Kislinsky, Alexey"]
[Black "Voloshin, Leonid"]
[Result "1/2-1/2"]
[WhiteElo "2481"]
[BlackElo "2406"]
[PlyCount "75"]

1. e4 e5 2. Nf3 Nf6 3. Bc4 Nxe4 4. Nc3 Nc6 5. Nxe4 d5 6. Bd3 dxe4 7. Bxe4 Bd6
8. O-O O-O 9. Bxc6 bxc6 10. Re1 Re8 11. h3 e4 12. Nh2 Bxh2+ 13. Kxh2 Bf5 14. a4
Qd4 15. Re3 Bg6 16. Qg4 Qd6+ 17. Qg3 f5 18. Qxd6 cxd6 19. Rc3 c5 20. d3 exd3
21. cxd3 Re2 22. Kg3 Bf7 23. a5 a6 24. Ra4 Rb8 25. Kf3 Re6 26. Rf4 Rf6 27. g4
fxg4+ 28. hxg4 Bd5+ 29. Kg3 Kf7 30. g5 Rxf4 31. Bxf4 Ke6 32. Rxc5 dxc5 33. Bxb8
Bc6 34. Kf4 g6 35. Ke3 Kd5 36. f4 Bd7 37. Kd2 c4 38. dxc4+ 1/2-1/2

[Event "Ostravský koník 2017 - MÈR"]
[Site "Ostrava"]
[Date "2017.05.06"]
[Round "8"]
[White "Vokac, Marek"]
[Black "Rasik, Vitezslav"]
[Result "1/2-1/2"]
[WhiteElo "2415"]
[BlackElo "2467"]
[PlyCount "90"]

1. d4 g6 2. e4 d6 3. c4 Bg7 4. Nc3 Nf6 5. f4 O-O 6. Nf3 c5 7. d5 e6 8. dxe6
fxe6 9. Bd3 Nc6 10. O-O Nd4 11. Kh1 a6 12. Bd2 Rb8 13. Rc1 Bd7 14. Ng5 e5 15.
f5 h6 16. Nh3 gxf5 17. exf5 b5 18. Nf2 bxc4 19. Bxc4+ Kh8 20. Nfe4 Nxe4 21.
Nxe4 Bxf5 22. Ng3 d5 23. Nxf5 Nxf5 24. Be2 c4 25. b3 cxb3 26. axb3 Qd6 27. Bg4
Nd4 28. Rxf8+ Qxf8 29. b4 Rd8 30. Bc3 Nb5 31. Bd2 e4 32. Qe2 Nd4 33. Qe3 Nb5
34. Qe2 Qf6 35. h3 Qe5 36. Re1 Qg3 37. Be3 Be5 38. Bg1 Qf4 39. Rf1 Qg5 40. Rf5
Qg7 41. Qf2 Nd6 42. Qb6 Rf8 43. Rxf8+ Qxf8 44. Qxa6 d4 45. Qa5 Qe7 1/2-1/2

[Event "Ostravský koník 2017 - MÈR"]
[Site "Ostrava"]
[Date "2017.05.06"]
[Round "8"]
[White "Olsarova, Karolina"]
[Black "Vlasak, Lukas"]
[Result "1/2-1/2"]
[WhiteElo "2245"]
[BlackElo "2375"]
[PlyCount "139"]

1. d4 Nf6 2. Bg5 Ne4 3. Bf4 e6 4. e3 d5 5. Bd3 Bd6 6. Nd2 Bxf4 7. exf4 Nd6 8.
Ngf3 Nd7 9. Ne5 Nf6 10. Qe2 c6 11. c3 Qb6 12. Nf1 c5 13. dxc5 Qxc5 14. Nd2 O-O
15. O-O Bd7 16. Nb3 Qc7 17. Nd4 Rfe8 18. Rad1 Rad8 19. Kh1 a6 20. f3 Bc8 21.
Qf2 Nc4 22. Rfe1 Nh5 23. Qh4 g6 24. Bxc4 dxc4 25. Ne2 Rd5 26. Ng3 Nxg3+ 27.
Qxg3 Red8 28. Rxd5 Rxd5 29. Ng4 Qd8 30. Ne3 Rd3 31. Nxc4 b5 32. Ne5 Rd2 33. f5
exf5 34. Nc6 f4 35. Qxf4 Rd1 36. Qe5 Rxe1+ 37. Qxe1 Qd7 38. Ne7+ Kf8 39. Nxc8
Qxc8 40. Qe4 h5 41. h3 Qd8 42. Qd4 Qg5 43. f4 Qf5 44. Qd6+ Kg8 45. Qxa6 Qb1+
46. Kh2 Qxb2 47. c4 Qd4 48. Qa8+ Kh7 49. cxb5 Qxf4+ 50. g3 Qe5 51. a4 h4 52.
Qf3 hxg3+ 53. Qxg3 Qe2+ 54. Qg2 Qe5+ 55. Kg1 Qd4+ 56. Qf2 Qd1+ 57. Kg2 Qd5+ 58.
Qf3 Qd2+ 59. Kg3 Qd6+ 60. Qf4 Qd3+ 61. Kf2 Qc2+ 62. Kf3 Qd1+ 63. Kg2 Qe2+ 64.
Kg1 Qd1+ 65. Kf2 Qc2+ 66. Ke3 Qc1+ 67. Kf3 Qf1+ 68. Kg3 Qg1+ 69. Kf3 Qf1+ 70.
Kg3 1/2-1/2

[Event "Ostravský koník 2017 - MÈR"]
[Site "Ostrava"]
[Date "2017.05.06"]
[Round "8"]
[White "Bartos, Jan"]
[Black "Havlikova, Kristyna"]
[Result "1/2-1/2"]
[WhiteElo "2157"]
[BlackElo "2251"]
[PlyCount "32"]

1. d4 Nf6 2. Nf3 e6 3. Bf4 c5 4. e3 b6 5. c3 cxd4 6. cxd4 Be7 7. h3 O-O 8. Bd3
Bb7 9. O-O h6 10. Nc3 d6 11. Qe2 Nd5 12. Nxd5 Bxd5 13. a3 Nd7 14. Ba6 Nb8 15.
Bd3 Nd7 16. Ba6 Nb8 1/2-1/2

[Event "Ostravský koník 2017 - MÈR"]
[Site "Ostrava"]
[Date "2017.05.06"]
[Round "8"]
[White "Kovar, Vojtech"]
[Black "Sikorova, Olga"]
[Result "0-1"]
[WhiteElo "2326"]
[BlackElo "2206"]
[PlyCount "104"]

1. d4 Nf6 2. c4 g6 3. Nc3 Bg7 4. e4 d6 5. Nf3 O-O 6. Be2 e5 7. O-O Nc6 8. d5
Ne7 9. Re1 Ne8 10. Bd2 h6 11. b4 f5 12. Qb3 f4 13. h3 g5 14. c5 Rf7 15. a4 Ng6
16. a5 Bf8 17. Bc4 h5 18. b5 g4 19. Nh2 gxh3 20. g3 Qf6 21. Nd1 Bh6 22. Ra2
dxc5 23. d6 Nxd6 24. Bxf7+ Qxf7 25. Qxf7+ Kxf7 26. Nc3 Be6 27. Rc2 b6 28. Nf3
Bg4 29. Nh2 Bd7 30. Rb1 Nc4 31. Bc1 Nxa5 32. gxf4 exf4 33. Nd5 c6 34. bxc6 Nxc6
35. Nf3 Bg4 36. Rc3 Rg8 37. Kh2 Be6 38. Nxb6 axb6 39. Rxb6 Nge5 40. Rb7+ Kf6
41. Nxe5 Nxe5 42. Bb2 Rg2+ 43. Kh1 Rxf2 44. Rxc5 Rxb2 45. Rxb2 Nd3 46. Rbb5
Nxc5 47. Rxc5 Bg5 48. Kh2 Bh4 49. Rxh5 Bg3+ 50. Kh1 Bg4 51. e5+ Kg6 52. Rh8 Kg7
0-1

[Event "Ostravský koník 2017 - MÈR"]
[Site "Ostrava"]
[Date "2017.05.06"]
[Round "8"]
[White "Macicek, Jakub"]
[Black "Machycek, Lubomir"]
[Result "1/2-1/2"]
[WhiteElo "2284"]
[BlackElo "2222"]
[PlyCount "75"]

1. e4 Nf6 2. Nc3 e5 3. Nf3 Bb4 4. Nxe5 O-O 5. Be2 Re8 6. Nd3 Bxc3 7. dxc3 Nxe4
8. O-O d5 9. Nf4 c6 10. Be3 Nd6 11. Re1 Nf5 12. Bc1 Nd7 13. c4 dxc4 14. Bxc4
Rxe1+ 15. Qxe1 Nb6 16. Bd3 Qe7 17. Bd2 Bd7 18. Qxe7 Nxe7 19. Re1 Re8 20. f3
Ned5 21. Rxe8+ Bxe8 22. Nxd5 Nxd5 23. c4 Nc7 24. b4 Bd7 25. Kf2 g6 26. Be3 a6
27. Ke1 Ne6 28. g4 Kf8 29. h3 Ke7 30. Ke2 Kd6 31. f4 c5 32. a3 b6 33. Kf3 a5
34. f5 gxf5 35. Bxf5 h5 36. bxc5+ bxc5 37. Kg3 Ke5 38. Bxe6 1/2-1/2

[Event "Ostravský koník 2017 - MÈR"]
[Site "Ostrava"]
[Date "2017.05.06"]
[Round "8"]
[White "Sikora, Jan"]
[Black "Kozusek, Daniel"]
[Result "1/2-1/2"]
[WhiteElo "2204"]
[BlackElo "2264"]
[PlyCount "75"]

1. c4 e5 2. Nc3 Nf6 3. Nf3 Nc6 4. e3 Bb4 5. Qc2 Bxc3 6. Qxc3 Qe7 7. Be2 d5 8.
d3 Bg4 9. h3 Bxf3 10. Bxf3 e4 11. Be2 exd3 12. Bxd3 Ne4 13. Bxe4 Qxe4 14. Qxg7
O-O-O 15. Qg4+ Qxg4 16. hxg4 dxc4 17. Bd2 Rhg8 18. Bc3 Rxg4 19. g3 b5 20. Rxh7
b4 21. Bf6 Rf8 22. Rc1 Rg6 23. Bg7 Rg8 24. Bd4 Nxd4 25. exd4 Re8+ 26. Kf1 Rc6
27. Rxf7 Re4 28. d5 Rc5 29. d6 cxd6 30. Rxa7 d5 31. Kg2 Re2 32. Rh1 Kb8 33.
Rhh7 c3 34. Rhb7+ Kc8 35. Rf7 Kb8 36. Rfb7+ Kc8 37. Rg7 Kb8 38. Rgb7+ 1/2-1/2

[Event "Ostravský koník 2017 - MÈR"]
[Site "Ostrava"]
[Date "2017.05.06"]
[Round "8"]
[White "Vybiral, Zdenek"]
[Black "Kanakova, Natalie"]
[Result "0-1"]
[WhiteElo "2271"]
[BlackElo "2112"]
[PlyCount "162"]

1. d4 Nf6 2. c4 e6 3. Nc3 Bb4 4. f3 c5 5. d5 d6 6. e4 b5 7. Bg5 h6 8. Bh4 exd5
9. cxd5 a6 10. Bd3 O-O 11. Nge2 c4 12. Bc2 Bc5 13. Nd4 b4 14. Nce2 a5 15. O-O
Ba6 16. Kh1 Nbd7 17. Nc6 Qc7 18. Ned4 c3 19. Re1 cxb2 20. Rb1 Rfe8 21. Qd2 Bxd4
22. Qxd4 Bb5 23. Qxb2 Bxc6 24. dxc6 Qxc6 25. Bb3 Rac8 26. Rbc1 Qa6 27. Ba4 Rxc1
28. Qxc1 Rc8 29. Qd2 Nc5 30. Bc2 Nfd7 31. Rd1 Qc4 32. Bb1 Nb7 33. Bd3 Qc3 34.
Qe2 Ndc5 35. Bc4 Ne6 36. Ba6 Nec5 37. Be1 Qf6 38. Qb5 Rc7 39. Bxb7 Nxb7 40. Bf2
Qg5 41. Qe8+ Kh7 42. Bb6 Rc2 43. Rg1 Qf6 44. Qa4 Qc3 45. Bxa5 Nxa5 46. Qxa5 Qc4
47. h3 Rxa2 48. Qf5+ Kg8 49. Rd1 b3 50. e5 Qc2 51. Qxc2 bxc2 52. Rc1 dxe5 53.
Kh2 Kf8 54. Kg3 Ke7 55. Kf2 f5 56. Ke3 Ke6 57. g4 Ra3+ 58. Kd2 Rxf3 59. Kxc2
Rxh3 60. gxf5+ Kxf5 61. Kd2 Kf4 62. Rc8 g5 63. Ke2 Rh2+ 64. Kf1 h5 65. Rf8+ Ke4
66. Kg1 Rh3 67. Kg2 g4 68. Rg8 Ke3 69. Ra8 e4 70. Ra3+ Kf4 71. Ra4 h4 72. Ra8
Rg3+ 73. Kh2 Rb3 74. Rf8+ Ke3 75. Rh8 Rb2+ 76. Kg1 h3 77. Rg8 Kf3 78. Rf8+ Kg3
79. Rf1 e3 80. Ra1 h2+ 81. Kh1 Rg2 0-1

[Event "Ostravský koník 2017 - MÈR"]
[Site "Ostrava"]
[Date "2017.05.06"]
[Round "8"]
[White "Novosadova, Kristyna"]
[Black "Belunek, Vladimir"]
[Result "0-1"]
[WhiteElo "2198"]
[BlackElo "2248"]
[PlyCount "168"]

1. e4 e5 2. Nf3 Nc6 3. Bb5 a6 4. Ba4 Nf6 5. O-O Be7 6. Re1 b5 7. Bb3 O-O 8. h3
d6 9. c3 Na5 10. Bc2 c5 11. d4 Qc7 12. Nbd2 Bd7 13. d5 c4 14. Nf1 Nb7 15. g4
Rfc8 16. Ng3 g6 17. Bh6 Ne8 18. Nh2 Nd8 19. Be3 f6 20. f4 exf4 21. Bxf4 Nf7 22.
Nf3 Ng7 23. Nd4 Ne5 24. Nf1 a5 25. Qe2 b4 26. Bd2 Qb6 27. Rad1 a4 28. Be3 Qb7
29. cxb4 Qxb4 30. Rb1 Rab8 31. Bd2 Qc5 32. Be3 Qa5 33. Kg2 Bd8 34. Bd2 Qa7 35.
a3 Bb6 36. Nf3 Bb5 37. Bc3 Rf8 38. Ng3 Bc5 39. Rf1 Nd3 40. Nd2 Ne5 41. Qd1 Be3
42. Nf3 Nd3 43. Ne2 Qe7 44. Ng3 Qa7 45. Bd2 Bc5 46. Ne2 h5 47. Nc3 hxg4 48.
hxg4 Bd7 49. Bxd3 cxd3 50. Nh4 g5 51. Nf5 Nxf5 52. gxf5 Kg7 53. Qf3 Rh8 54.
Qxd3 Bd4 55. Qg3 Be5 56. Bf4 Rh4 57. Bxe5 dxe5 58. Rh1 Rxh1 59. Kxh1 Qc5 60.
Kg2 Qc4 61. Qe3 Rb7 62. Qf2 Be8 63. Rd1 Bh5 64. Rh1 Bf7 65. Kg1 Qd3 66. Qh2
Qe3+ 67. Kf1 Qc1+ 68. Kf2 Rxb2+ 69. Ne2 Qc5+ 70. Kf3 Kf8 71. Rc1 Rc2 72. Qh8+
Ke7 73. d6+ Qxd6 74. Rxc2 Qd3+ 75. Kf2 Qxc2 76. Qa8 Bc4 77. Qa7+ Kf8 78. Qb8+
Kg7 79. Qa7+ Kh6 80. Qe3 Qxe2+ 81. Qxe2 Bxe2 82. Kxe2 g4 83. Kf2 Kh5 84. Kg2
Kh4 0-1

[Event "Ostravský koník 2017 - MÈR"]
[Site "Ostrava"]
[Date "2017.05.06"]
[Round "8"]
[White "Bures, Martin"]
[Black "Malik, Jan"]
[Result "1/2-1/2"]
[WhiteElo "2084"]
[BlackElo "2290"]
[PlyCount "155"]

1. e3 d5 2. d4 c5 3. Bd3 Nc6 4. c3 Nf6 5. f4 Bg4 6. Nf3 e6 7. O-O Ne4 8. Nbd2
f5 9. Qa4 Bxf3 10. gxf3 Nxd2 11. Bxd2 Qb6 12. b4 c4 13. Bc2 Be7 14. b5 Nd8 15.
e4 O-O 16. exd5 exd5 17. Rae1 Bd6 18. Re2 Qc7 19. Bc1 Qd7 20. Rfe1 g6 21. Ba3
Nf7 22. Re6 Rfe8 23. Rxe8+ Rxe8 24. Rxe8+ Qxe8 25. Bxd6 Qe1+ 26. Kg2 Nxd6 27.
Qxa7 Qxc3 28. Qb8+ Kg7 29. Qxd6 Qxc2+ 30. Kg3 Qe2 31. Qd7+ Kh6 32. Qf7 Qe1+ 33.
Kg2 Qd2+ 34. Kg3 Qxd4 35. Qf8+ Qg7 36. Qd8 Qf7 37. b6 c3 38. Qc7 Qe6 39. Qxc3
Qxb6 40. Kg2 d4 41. Qc8 Qd6 42. Qxb7 d3 43. Qb3 d2 44. Qd1 Qd4 45. a4 Qxf4 46.
h3 Kg5 47. Kf2 Kh4 48. Ke2 g5 49. Qxd2 Qxa4 50. Qe1+ Kh5 51. Kf1 Qh4 52. Qe8+
Kh6 53. Qe6+ Kg7 54. Qxf5 Qc4+ 55. Kf2 Qd4+ 56. Kg2 Qd2+ 57. Kg3 Qe3 58. Kg2
Qf4 59. Qd7+ Kg6 60. Qe8+ Kh6 61. Qe6+ Kh5 62. Qg4+ Kh6 63. Qe6+ Kg7 64. Qe7+
Kg6 65. Qe6+ Qf6 66. Qe8+ Kh6 67. Qe2 Kg7 68. Qe4 h5 69. h4 gxh4 70. Kh3 Kh6
71. Qe3+ Kg7 72. Qe4 Kf8 73. f4 Kg8 74. Qe8+ Kg7 75. Qxh5 Qxf4 76. Qg4+ Qxg4+
77. Kxg4 Kg6 78. Kxh4 1/2-1/2

[Event "Ostravský koník 2017 - FIDE Open A"]
[Site "Ostrava"]
[Date "2017.05.07"]
[Round "8"]
[White "Mladek, Richard"]
[Black "Shilov, Sergej"]
[Result "0-1"]
[WhiteElo "2115"]
[BlackElo "2167"]
[PlyCount "108"]

1. e4 g6 2. d4 Bg7 3. Nc3 d6 4. Be3 a6 5. Qd2 b5 6. a4 b4 7. Nd1 Nf6 8. f3 a5
9. c3 bxc3 10. Nxc3 O-O 11. Bc4 Nc6 12. Nge2 Nb4 13. Nf4 c6 14. O-O d5 15. exd5
cxd5 16. Bb5 Ba6 17. Rac1 Qb6 18. Nd3 Bxb5 19. Nxb5 Nxd3 20. Qxd3 Rfc8 21. Bf4
Ne8 22. Kh1 e6 23. Rc3 Bf8 24. Rfc1 Nd6 25. Bxd6 Rxc3 26. Rxc3 Bxd6 27. Qc2 Qd8
28. Rc6 Qh4 29. g4 Qe1+ 30. Kg2 Bf4 31. Rc3 Bd2 32. Rd3 Qe2+ 33. Kh3 Qf1+ 34.
Kg3 Be1+ 35. Kf4 Bb4 36. Rd1 Qh3 37. Rc1 h5 38. Rg1 hxg4 39. fxg4 Kg7 40. Rg3
Qf1+ 41. Ke3 Rh8 42. Qg2 Qc1+ 43. Kd3 Qd1+ 44. Ke3 Rc8 45. Rf3 Qxa4 46. Qf1 f5
47. h4 Rc2 48. Kf4 Rxb2 49. Ke5 Qc2 50. Re3 Bd2 51. Rd3 Rxb5 52. Rxd2 Qc7+ 53.
Kxe6 Qc6+ 54. Ke5 Qf6+ 0-1

[Event "Ostravský koník 2017 - MÈR"]
[Site "Ostrava"]
[Date "2017.05.07"]
[Round "9"]
[White "Velicka, Petr"]
[Black "Nguyen, Thai Dai Van"]
[Result "1/2-1/2"]
[WhiteElo "2432"]
[BlackElo "2441"]
[PlyCount "74"]

1. e4 c5 2. Nf3 Nc6 3. Bb5 e6 4. O-O Nge7 5. b3 a6 6. Bxc6 Nxc6 7. Bb2 b5 8.
Na3 f6 9. c4 Be7 10. cxb5 axb5 11. Nxb5 Ba6 12. a4 Na7 13. Re1 Nxb5 14. axb5
Bxb5 15. d4 O-O 16. dxc5 Bxc5 17. Qd2 Qb6 18. Bd4 Rxa1 19. Rxa1 Bc6 20. Qe3
Bxd4 21. Nxd4 Bb7 22. Re1 Ra8 23. e5 fxe5 24. Qxe5 Qa5 25. Qe3 Qd5 26. f3 Ra2
27. Qc3 h6 28. Ra1 Rxa1+ 29. Qxa1 Qc5 30. Kf1 Bd5 31. Qa4 Qc1+ 32. Kf2 Qb2+ 33.
Ne2 Qxb3 34. Qxd7 Qb6+ 35. Kf1 Qb1+ 36. Kf2 Qc2 37. Qa7 Bc4 1/2-1/2

[Event "Ostravský koník 2017 - MÈR"]
[Site "Ostrava"]
[Date "2017.05.07"]
[Round "9"]
[White "Biolek, Richard"]
[Black "Cvek, Robert"]
[Result "1/2-1/2"]
[WhiteElo "2445"]
[BlackElo "2518"]
[PlyCount "66"]

1. d4 e6 2. c4 Bb4+ 3. Nc3 c5 4. Nf3 Nf6 5. g3 d5 6. Bg2 Nc6 7. O-O dxc4 8.
dxc5 Qxd1 9. Rxd1 Bxc5 10. Nd2 Na5 11. Nde4 Nxe4 12. Nxe4 Bb4 13. Bf4 Bd7 14.
Bd6 Bxd6 15. Nxd6+ Ke7 16. Nxf7 Rhc8 17. Ne5 Be8 18. Be4 h6 19. f4 Rd8 20. Kf2
Rac8 21. Ke3 b5 22. Rxd8 Kxd8 23. g4 Ke7 24. h4 c3 25. b3 Bc6 26. Bd3 b4 27. g5
Bd5 28. gxh6 gxh6 29. Rg1 Kf8 30. Nd7+ Kf7 31. Ne5+ Kf8 32. Nd7+ Kf7 33. Ne5+
Kf8 1/2-1/2

[Event "Ostravský koník 2017 - MÈR"]
[Site "Ostrava"]
[Date "2017.05.07"]
[Round "9"]
[White "Plat, Vojtech"]
[Black "Cernousek, Lukas"]
[Result "1/2-1/2"]
[WhiteElo "2510"]
[BlackElo "2462"]
[PlyCount "54"]

1. g3 c5 2. Bg2 g6 3. c4 Bg7 4. Nf3 Nf6 5. Nc3 O-O 6. O-O d5 7. cxd5 Nxd5 8. d4
cxd4 9. Nxd4 Nxc3 10. bxc3 Nc6 11. Nxc6 bxc6 12. Qxd8 Rxd8 13. Bxc6 Rb8 14. Bf4
Rb2 15. Rfd1 Rf8 16. Bf3 Bxc3 17. Rac1 Bg7 18. a4 Ra2 19. Bg5 Bf6 20. Bh6 Bg7
21. Bg5 Bf6 22. Bxf6 exf6 23. Rd4 Bh3 24. Bg2 Bxg2 25. Kxg2 Re8 26. e4 Rb8 27.
Rc3 Kg7 1/2-1/2

[Event "Ostravský koník 2017 - MÈR"]
[Site "Ostrava"]
[Date "2017.05.07"]
[Round "9"]
[White "Kraus, Tomas"]
[Black "Jansa, Vlastimil"]
[Result "1-0"]
[WhiteElo "2418"]
[BlackElo "2446"]
[PlyCount "65"]

1. d4 Nf6 2. Nf3 g6 3. Nbd2 d5 4. b4 Bg7 5. e3 O-O 6. Bb2 Bf5 7. c4 c6 8. Rc1
Nbd7 9. Be2 a5 10. b5 a4 11. Ba3 Re8 12. O-O Ne4 13. Nxe4 Bxe4 14. Ng5 Bf5 15.
bxc6 bxc6 16. cxd5 cxd5 17. g4 Bh6 18. Nxf7 Kxf7 19. gxf5 Rg8 20. fxg6+ Rxg6+
21. Kh1 Nf6 22. Bh5 Nxh5 23. Qxh5 Qd7 24. Rg1 Raa6 25. Rxg6 Rxg6 26. Rc5 Bg5
27. Qxh7+ Rg7 28. Qh5+ Kg8 29. Qf3 e6 30. Rc1 Kh7 31. Bf8 Rg6 32. Qh5+ Bh6 33.
Rg1 1-0

[Event "Ostravský koník 2017 - MÈR"]
[Site "Ostrava"]
[Date "2017.05.07"]
[Round "9"]
[White "Sikorova, Olga"]
[Black "Kislinsky, Alexey"]
[Result "0-1"]
[WhiteElo "2206"]
[BlackElo "2481"]
[PlyCount "60"]

1. c4 g6 2. Nc3 Bg7 3. d4 c5 4. d5 d6 5. e4 Nf6 6. Nf3 O-O 7. Bd3 e6 8. O-O Na6
9. h3 e5 10. Ne2 Ne8 11. Nh2 f5 12. f4 Nb4 13. Bb1 fxe4 14. Bxe4 Nf6 15. Bb1 e4
16. a3 Nd3 17. Bxd3 exd3 18. Qxd3 Bf5 19. Qb3 Qb6 20. Rf3 Rfe8 21. Kf1 Qxb3 22.
Rxb3 b5 23. cxb5 c4 24. Rg3 Nxd5 25. Nf3 Bd3 26. Nfg1 Re4 27. Kf2 Rae8 28. Nc3
Nxc3 29. bxc3 Bxc3 30. Rxd3 cxd3 0-1